000 00254nmm a2200085Ia 4500
008 220120s9999||||xx |||||||||||||||||und||
100 _aDigit
245 0 _aBlender, tun linux, 20th century history, physics knowledge
260 _aCoorg Institute of Technology
999 _c140097
_d140097